000 01641cam a2200493 a 4500
999 _c2435
_d2435
001 .b2905803x
003 OCoLC
005 20230517103240.0
008 060901s2006 nyuab 000 1 eng d
010 _a00561061
020 _a9780439841177
_q(pbk.)
035 _a(OCoLC)701753580
_z(OCoLC)798642029
040 _aTXHLC
_beng
_cTXHLC
_dRV8
_dOCLCQ
_dCNGNQ
_dOCLCO
_dNTNU
_dKH8
041 1 _aeng
_hita
042 _anbic
043 _af-ua---
082 0 _aFIC STI
100 1 _aStilton, Geronimo.
_eAuthor
240 1 0 _aMummia senza nome.
_lEnglish.
245 1 4 _aThe mummy with no name /
_cGeronimo Stilton ; [illustrations by Roberto Ronchi, Christian Aliprandi and Davide Turotti]
260 _aNew York :
_bScholastic,
_cc2006.
300 _a98 p. :
_bcol. ill., col. maps ;
_c20 cm.
490 1 _aGeronimo Stilton ;
_v#26.
500 _aLexile 570.
520 _aGeronimo is off to Egypt on a Halloween adventure full of mummies and mysteries.
521 _a007-010.
650 0 _aMice
_vJuvenile fiction.
650 0 _aHalloween
_vJuvenile fiction.
650 1 _aStilton, Geronimo (Fictitious character)
_vFiction.
650 1 _aMummies
_zEgypt
_vFiction.
650 1 _aJournalists
_vFiction.
650 1 _aHalloween
_vFiction.
650 1 _aMice
_vFiction.
651 0 _aEgypt
_vJuvenile fiction.
651 1 _aEgypt
_vFiction.
655 7 _aAdventure fiction.
_2gsafd.
655 7 _aAdventure stories.
655 7 _aChildren's stories.
700 1 _aRonchi, Roberto.
_eIllustrator
700 1 _aAliprandi, Christian.
700 1 _aTurotti, Davide.
830 0 _aGeronimo Stilton ;
_v#26.
942 _2ddc
_cFIC